| 000 | 01448nam a2200361Ia 4500 | ||
|---|---|---|---|
| 001 | ebr10674748 | ||
| 003 | CaPaEBR | ||
| 006 | m u | ||
| 007 | cr cn||||||||| | ||
| 008 | 120622s2012 azu sb s001 0 eng d | ||
| 010 | _z 2012023954 | ||
| 020 | _z9780816522460 (cloth : acid-free paper) | ||
| 020 | _z9780816599882 | ||
| 040 |
_aCaPaEBR _cCaPaEBR |
||
| 035 | _a(OCoLC)832316045 | ||
| 050 | 1 | 4 |
_aGN772.2.M6 _bJ45 2012eb |
| 082 | 0 | 4 |
_a569.9/86094464 _223 |
| 100 | 1 |
_aJelinek, Arthur J. _q(Arthur Julius), _d1928- |
|
| 245 | 1 | 0 |
_aNeandertal lithic industries at La Quina _h[electronic resource] / _cArthur J. Jelinek. |
| 260 |
_aTucson : _bUniversity of Arizona Press, _cc2012. |
||
| 300 | _axxv, 419 p. | ||
| 504 | _aIncludes bibliographical references and index. | ||
| 533 |
_aElectronic reproduction. _bPalo Alto, Calif. : _cebrary, _d2013. _nAvailable via World Wide Web. _nAccess may be limited to ebrary affiliated libraries. |
||
| 650 | 0 |
_aNeanderthals _zFrance _zCharente. |
|
| 650 | 0 |
_aMousterian culture _zFrance _zCharente. |
|
| 650 | 0 |
_aStone implements _zFrance _zCharente. |
|
| 650 | 0 |
_aTools, Prehistoric _zFrance _zCharente. |
|
| 651 | 0 | _aLa Quina Site (France) | |
| 651 | 0 |
_aCharente (France) _xAntiquities. |
|
| 655 | 7 |
_aElectronic books. _2local |
|
| 710 | 2 | _aebrary, Inc. | |
| 856 | 4 | 0 |
_uhttp://site.ebrary.com/lib/rucke/Doc?id=10674748 _zAn electronic book accessible through the World Wide Web; click to view |
| 999 |
_c57220 _d57220 |
||